Los juegos de los pequeños / (Registro nro. 14817)

Detalles MARC
000 -LIDER
fixed length control field 00888nam a22002657a 4500
001 - NÚMERO DE CONTROL
Identificador de número de control 000480
003 - IDENTIFICACDOR DE NÚMERO DE CONTROL
control field DO-SdBNP
005 - DATE AND TIME OF LATEST TRANSACTION
control field 20240917135153.0
007 - CAMPOS FIJOS DE DESCRIPCIÓN FÍSICA
fixed length control field 000480
008 - ELEMENTOS DE LONGITUD FIJA
fixed length control field 160906b2003 ck ||| 00| 0 spa d
020 ## - ISBN
International Standard Book Number 9589974680692
040 ## - FUENTE DE CATALOGACIÓN
Agencia que crea de manera original el registro BPMSU
Idioma de catalogación spa
Agencia que realiza la transcripción BPMSU
082 #4 - NÚMERO DE CLASIFICACIÓN DECIMAL DE DEWEY
Classification number 796.1
Item number J93p 2009
Edition number 22
245 00 - MENCIÓN DE TITULO
Título Los juegos de los pequeños /
Mención de responsabilidad selección y redacción Marcela Troiano
246 14 - VARIACION DEL TÍTULO
Título propiamente dicho o título corto Los juegos de los pequeños :
Subtítulo un sinfín de propuestas divertidas e ingeniosas para los niños
260 ## - PUBLICACIÓN, DISTRIBUCIÓN, ETC. (PIE DE IMPRENTA)
Lugar de publicación, distribución, etc Montevideo, República de Uruguay :
Nombre del editor, distribuidor, etc. Arquetipo Grupo Editorial,
Fecha de publicación, distribución, etc 2009
300 ## - DESCRIPCIÓN FÍSICA
Extensión 200 p. :
Otros detalles físicos ils. ;
Dimensiones 28 cm.
590 ## - NOTA LOCAL
Texto de la nota local Inventariado, 2024/VM
650 #4 - ENCABEZAMIENTO DE MATERIA--TEMÁTICO
Término temático o nombre geográfico como elemento de entrada Juegos infantiles.
650 #4 - ENCABEZAMIENTO DE MATERIA--TEMÁTICO
Término temático o nombre geográfico como elemento de entrada Juegos educativos
650 #4 - ENCABEZAMIENTO DE MATERIA--TEMÁTICO
Término temático o nombre geográfico como elemento de entrada Desarrollo infantil
700 1# - ASIENTO SECUNDARIO -- NOMBRE PERSONAL
Nombre personal Troiano , Marcela
Mención de responsabilidad redacción
910 ## - VALIDACIÓN
Validación VMateo V. Control de calidad. BPMSU
942 ## - ADDED ENTRY ELEMENTS (KOHA)
Source of classification or shelving scheme Dewey Decimal Classification
Koha item type Libros
Existencias
Withdrawn status Lost status Source of classification or shelving scheme Damaged status Not for loan Collection code Home library Current library Date acquired Total Checkouts Full call number Barcode Date last seen Price effective from Koha item type
    Dewey Decimal Classification     Colección Infantil General Biblioteca Pública Metropolitana Salomé Ureña Biblioteca Pública Metropolitana Salomé Ureña 09/17/2024   BPMSU CGI 796.1 J93p 2009 BPMSU24090057 09/17/2024 09/17/2024 Libros